| Tag |
First Indicator |
Second Indicator |
Subfields |
| LEADER |
00000cam a2200000 4500 |
| 001 |
in00000039723 |
| 005 |
20151007064534.0 |
| 008 |
730108s1961 nyu b 00000 eng u |
| 010 |
|
|
|a 61010222
|
| 035 |
|
|
|a (OCoLC)00530292
|
| 035 |
|
|
|9 AAE0061AM
|
| 040 |
|
|
|c WSU
|d TXA
|d UtOrBLW
|
| 049 |
|
|
|a TXAM
|c [340753]
|
| 050 |
|
0 |
|a QB43
|b .H38
|
| 092 |
|
|
|a 507
|b H393s, 1961
|
| 100 |
1 |
|
|a Hawkins, Gerald S.
|
| 245 |
1 |
0 |
|a Splendor in the sky /
|c With paintings by Robert E. Ridley.
|
| 250 |
|
|
|a [1st ed.].
|
| 264 |
|
1 |
|a New York :
|b Harper,
|c [1961]
|
| 300 |
|
|
|a 292 pages
|
| 336 |
|
|
|a text
|b txt
|2 rdacontent
|
| 337 |
|
|
|a unmediated
|b n
|2 rdamedia
|
| 338 |
|
|
|a volume
|b nc
|2 rdacarrier
|
| 504 |
|
|
|a Includes bibliography.
|
| 650 |
|
0 |
|a Astronomy.
|
| 999 |
|
|
|a MARS
|
| 999 |
f |
f |
|s a40a2a2c-e34c-325a-8990-f465072b6574
|i efb2a603-ac17-3114-9450-1c0488dc1ac3
|t 0
|
| 952 |
f |
f |
|p ric
|a Texas A&M University
|b Rellis Campus
|c Joint Library Facility
|d Remote Storage
|t 0
|e QB43 .H38
|h Library of Congress classification
|i unmediated -- volume
|m A14833910883
|
| 998 |
f |
f |
|a QB43 .H38
|t 0
|l Remote Storage
|